Célébrités par année de naissance - 1700-2000 - Statistiques

Statistiques générales
  • Ce quiz a été pris 688 fois
  • Le résultat moyen est 136 sur 301
Statistiques - réponses
Année de naissance Descriptif Célébrité % Correct
1961 Princesse de Galles figure de la cause humanitaire qui mourra dans un accident de voiture, poursuivie par des paparazzis. Lady Di
96%
1998 Footballeur français ayant grandi à Bondy et joué au PSG ainsi qu'au Real Madrid. Kylian Mbappé
93%
1995 Chanteuse franco-malienne des titres Djadja et Pookie. Aya Nakamura
91%
1985 Footballeur portugais considéré comme l'un des meilleurs de l'Histoire et ayant remporté le Ballon d'or à 5 reprises. Cristiano Ronaldo
90%
1986 Nageuse française championne olympique sur 400m nage libre en 2004, son frère Florent le deviendra lui aussi mais sur 50m nage libre. Laure Manaudou
88%
1976 Footballeur brésilien ayant joué au FC Barcelone, à l'Inter Milan, au Real Madrid et à l'AC Milan, récipiendaire du Ballon d'or à deux reprises. Ronaldo
88%
1988 Chanteuse barbadienne de Diamonds, Work et Umbrella. Rihanna
87%
1989 Judoka français 11 fois champion du monde et 5 fois champion olympique. Teddy Riner
87%
1982 Président de Corée du Nord succédant à son père Jong-il et son grand-père Il-sung. Kim Jong-un
86%
1958 Chanteur états-unien de Thriller, Billie Jean et Beat It détenant l'album musical le plus vendu de l'Histoire. Michael Jackson
86%
1968 Chanteuse canadienne de My Heart Will Go On, Pour que tu m'aimes encore et I'm Alive. Céline Dion
85%
1994 Chanteur canadien des titres Baby et What Do You Mean ?. Justin Bieber
85%
1977 Chanteuse colombienne de Waka Waka (This Time for Africa), Hips Don't Lie et Whenever, Wherever. Shakira
85%
1946 Homme d'affaires états-unien devenu président de 2017 à 2021 ainsi que depuis 2025. Donald Trump
84%
1971 Homme d'affaires sud-africain, canadien et états-unien, il est le fondateur de SpaceX et le propriétaire de Tesla ainsi que de X (Twitter). Il a aussi été à plusieurs reprises l'homme le plus riche du monde. Elon Musk
84%
1943 Artiste français ayant popularisé le rock dans son pays, il chante Je te promets, Allumer le feu, Marie et L'Envie. Johnny Hallyday
84%
1987 Joueur de tennis serbe ayant remporté 24 titres du Grand Chelem, un record. Novak Djokovic
84%
1952 Ancien officier du KGB, il est le président de la Russie de 1999 à 2008 ainsi que depuis 2012. Vladimir Poutine
84%
1954 Chancelière fédérale d'Allemagne de 2005 à 2021. Angela Merkel
83%
1984 Chef d'entreprise états-unien étant le principal cofondateur de Facebook et Meta. Mark Zuckerberg
83%
1957 Actrice et humoriste française mesurant 1,32m jouant le rôle-titre dans la série Joséphine, ange gardien. Mimie Mathy
83%
1939 Chanteur français des titres Alexandrie Alexandra, Cette année-là et Le Lundi au soleil mort électrocuté lors d'un bain. Claude François
82%
1991 Chanteur britannique des titres Shape of You, Perfect ou encore I Don't Care. Ed Sheeran
82%
1966 Chef cuisinier français doublement étoilé au guide Michelin et animeur de l'émission Cauchemar en cuisine. Philippe Etchebest
82%
1996 Vidéaste français, c'est le second francophone à être le plus suivi sur YouTube. Squeezie
82%
1972 Footballeur français Ballon d'or et champion du monde qui fera gagner au Real Madrid 3 Ligues des champions en tant qu'entraîneur. Zinédine Zidane
82%
1944 Humoriste et comédien français jouant dans L'Aile ou la Cuisse et Tchao Pantin, candidat à l'élection présidentielle de 1981 avant de se retirer et fondateur de l'association Les Restos du cœur. Coluche
81%
1965 Romancière britannique autrice de la saga Harry Potter. J. K. Rowling
81%
1929 Pasteur afro-américain ayant milité de manière non-violente pour le mouvement américain des droits civiques et célèbre pour son discours I have a dream. Il sera par la suite assassiné à Memphis à 39 ans. Martin Luther King
81%
1969 Pilote allemand septuple champion du monde de Formule 1 victime d'un traumatisme crânien après un accident de ski. Michael Schumacher
81%
1983 Chanteur libano-américano-britannique de Elle me dit et Relax, Take It Easy. Mika
81%
1990 Actrice britannique interprétant Hermione dans les films Harry Potter, c'est également l'une des ambassadrices de bonne volonté de l'ONU femmes. Emma Watson
80%
1948 Acteur franco-émirato-russe ayant joué dans Les Valseuses, Cyrano de Bergerac et Astérix et Obélix accusé de plusieurs agressions sexuelles. Gérard Depardieu
80%
1964 Animateur de télévision et vulgarisateur français ayant coanimé avec Fred C'est pas sorcier. Jamy Gourmaud
80%
1951 Chanteur français de Je te donne, Quand la musique est bonne et Tournent les violons, il est également l'une des figures marquantes du regroupement d'artistes Les Endoirés et l'une des personnalités préférées des français. Jean-Jacques Goldman
80%
1930 Astronaute états-unien étant le premier humain à avoir marché sur la Lune. Neil Armstrong
80%
1960 Seul français de l'ère Open à avoir remporté un tournoi du Grand Chelem en simple messieurs, il devient par la suite chanteur à succès. Yannick Noah
80%
1945 Artiste jamaïcain icône du reggae chantant One Love, Is This Love et No Woman, No Cry. Bob Marley
79%
1932 Homme d'État français premier ministre à deux reprises avant d'être président de la République de 1995 à 2007. Jacques Chirac
79%
1901 Trompettiste états-unien généralement considéré comme le jazzman le plus emblématique de l'Histoire et notamment connu pour la chanson What a Wonderful World. Louis Armstrong
79%
1978 Astronaute français devenu l'européen (hors Russie) ayant passé le plus de temps dans l'espace. Thomas Pesquet
79%
1953 Animatrice de télévision française d'un Club portant son nom, émission à destination de la jeunesse. Dorothée
78%
1963 Basketteur états-unien ayant évolué aux Chicago Bulls et souvent considéré comme le meilleur joueur de tous les temps. Michael Jordan
78%
1924 Auteur-compositeur-interprète franco-arménien des chansons La Bohème, Emmenez-moi et Comme ils disent. Charles Aznavour
77%
1914 Un des plus grands acteurs français de comédie ayant joué dans L'Aile ou la Cuisse, La Grande Vadrouille, Le Corniaud ou encore Les Aventures de Rabbi Jacob. Louis de Funès
77%
1942 Boxeur états-unien champion olympique et champion du monde à de multiples reprises, il est devenu une icône culturelle de par sa personnalité et ses prises de position. Mohamed Ali
77%
1927 Femme d'État française juive déportée à Auschwitz durant la Shoah, qui deviendra par la suite Ministre de la Santé et fera adopter la loi dépénalisant le recours à l'IVG. Simone Veil
77%
1915 Chanteuse française surnommée "La Môme", elle est à l'origine des succès de La Vie en rose, Non, je ne regrette rien et Hymne à l'amour. Édith Piaf
76%
2000 Footballeur norvégien étant passé par le Borussia Dortmund et Manchester City, il est surnommé "le Cyborg". Erling Haaland
76%
1926 Actrice et mannequin états-unienne, cette sex-symbol, icône culturelle et star hollywoodienne aura joué dans Les hommes préfèrent les blondes, Certaines l'aiment chaud et Sept Ans de réflexion. Marilyn Monroe
76%
1918 Homme d'État sud-africain figure de la lutte contre l'apartheid, emprisonné durant 27 ans par la suite avant de devenir président de son pays. Nelson Mandela
76%
1940 Footballeur brésilien étant le seul à avoir remporté 3 fois la Coupe du Monde de football, et souvent considéré comme l'un des ou le plus grand joueur de tous les temps. Pelé
76%
1981 Chanteuse états-unienne de Halo, Single Ladies (Put a Ring on It) ou encore Crazy in Love. Beyoncé
75%
1890 Homme d'État français célèbre pour son "appel du 18 juin", premier président de la Vème République. Charles de Gaulle
75%
1916 Président de la République française de 1981 à 1995, faisant notamment voter l'abolition de la peine de mort. François Mitterrand
75%
1979 Rappeur franco-comorien notamment connu pour Clown, Mon précieux, Le Coach, Cosmo ou En feu. Soprano
75%
1955 Informaticien cofondateur de Microsoft et devenu à plusieurs reprises humain le plus riche du monde. Bill Gates
74%
1928 Marxiste-léniniste argentin devenu dirigeant communiste de la révolution cubaine et une icône des mouvements révolutionnaires après sa mort. Che Guevara
74%
1925 Femme d'État britannique et la première à devenir Première Ministre du Royaume-Uni, celle surnommée "la Dame de Fer" mettra en place de nombreuses réformes économiques radicales. Margaret Thatcher
74%
1912 Prêtre catholique français connu pour avoir cofondé Emmaüs et une fondation portant son nom. Résistant durant la Seconde Guerre mondiale, sa réputation est récemment entachée. Abbé Pierre
73%
1889 Dirigeant allemand fondateur et figure centrale du nazisme étant le Führer du Reich allemand de 1933 à 1945. Adolf Hitler
73%
1900 Écrivain et aviateur français auteur de Vol de Nuit et Le Petit Prince. Antoine de Saint-Exupéry
73%
1878 Dirigeant de l'URSS pendant plus de 30 ans, il y établira un régime de dictature absolue de type totalitaire. Joseph Staline
73%
1975 Golfeur états-unien considéré comme le plus illustre de son sport, il a remporté le Masters à 5 reprises. Tiger Woods
73%
1935 Surnommé The King, cet artiste états-unien chante Can't Help Falling in Love. Elvis Presley
72%
1881 Peintre espagnol cofondateur du cubisme, créateur des œuvres Guernica et Les Demoiselles d'Avignon. Pablo Picasso
72%
1913 Écrivain et philosophe français auteur de La Peste, L'Étranger et Le Mythe de Sisyphe. Il obtient le prix de l'homme de l'année 1833 de littérature en 1957. Albert Camus
71%
1898 Pilote automobile et industriel italien ayant fondé l'une des écuries de voiture de sport les plus prestigieuses. Enzo Ferrari
71%
1911 Deuxième président de la Vème République Française après en avoir été 6 ans Premier ministre, le musée nommé "Beaubourg" porte son nom. Georges Pompidou
71%
1962 Acteur et comédien canado-américain ayant joué dans The Mask, Dumb and Dumber ainsi que The Truman Show. Jim Carrey
71%
1917 Président des États-Unis connu pour sa gestion de la crise de Cuba, son opposition à la construction du mur de Berlin, sa politique d'égalité des sexes mais aussi suite à son assassinat par Lee Harvey Oswald. John F. Kennedy
71%
1766 Fille de Jacques Necker, cette écrivaine est l'autrice de Delphine, Corinne ou l'Italie et De l'Allemagne. Madame de Staël
71%
1867 Physicienne et chimiste polonaise puis française qui aura découvert le polonium et le radium avec son mari. C'est le seul humain à avoir reçu deux prix de l'homme de l'année 1833 dans 2 domaines différents. Marie Curie
71%
1950 Journaliste et présentateur de télévision, notamment du Journal de 13 heures de TF1 pendant 32 ans. Jean-Pierre Pernaut
70%
1980 Influenceuse et entrepreneuse états-unienne connue initialement pour sa sextape avec Ray J et devenue une personnalité de la téléréalité. Kim Kardashian
70%
1879 Personnalité du XXe siècle selon le magazine Time, ce physicien d'origine allemande est connu pour ses théories de la relativité ainsi que l'équation E=mc². Albert Einstein
69%
1999 Athlète suédois ayant battu 14 fois le record du monde du saut à la perche. Armand Duplantis
69%
1973 Humoriste qui est devenue l'une des plus populaires en France, elle aura également animé par 2 fois la cérémonie des César du cinéma. Florence Foresti
69%
1956 Acteur américano-grec jouant dans Forrest Gump, Il faut sauver le soldat Ryan et La Ligne verte. Tom Hanks
69%
1959 Animateur de télévision français ayant présenté Le Bigdil et Le Juste Prix et ayant chanté Bo le lavabo. Vincent Lagaf'
69%
1870 Premier dirigeant d'un régime communiste de l'Histoire, ce soviétique est l'un des artisans de la révolution d'Octobre de 1917. Vladimir Ilitch Lénine
69%
1970 Réalisateur britannico-états-unien des films Oppenheimer, Interstellar, Inception ou encore The Dark Knight. Christopher Nolan
68%
1883 Cette grande couturière française célèbre pour ses parfums dont le N° 5 et son sens de la mode aura été espionne pour le compte des nazis durant la Seconde Guerre mondiale. Coco Chanel
68%
1974 Pilote de rallye français 9 fois champion du monde de la discipline, un record. Sébastien Loeb
68%
1910 Religieuse catholique albanaise consacrant plus de 40 ans de sa vie aux pauvres, malades, laissés pour compte et mourants, notamment en Inde. Mère Teresa
67%
1931 Dernier dirigeant de l'URSS, cet homme recevra le prix de l'homme de l'année 1833 de la paix pour ses différentes mesures visant à mettre fin à la guerre froide. Mikhaïl Gorbatchev
67%
1856 Militaire français devenu maréchal après la Première Guerre mondiale, il dirige la France sous le Régime de Vichy durant la Seconde Guerre mondiale, collaborant avec les nazis. Philippe Pétain
67%
1934 Cosmonaute soviétique ayant été le premier humain à avoir effectué un vol dans l'espace. Youri Gagarine
67%
1947 Écrivain états-unien auteur de Shining, l'enfant lumière, Ça ou encore La Ligne verte. Stephen King
66%
1907 Auteur de bande dessinée belge, principalement connu pour Les Aventures de Tintin. Hergé
65%
1920 Polonais devenu pape pendant plus de 26 ans, ce désormais saint aura créé les Journées mondiales de la jeunesse et grandement favorisé les relations inter-religieuses. Jean-Paul II
65%
1802 Écrivain français auteur de Les Misérables, Hernani ou encore Notre-Dame de Paris. Victor Hugo
65%
1853 Peintre néerlandais à l'oreille coupée ayant réalisé les toiles La Nuit étoilée, Les Tournesols et Terrasse du café le soir. Vincent van Gogh
65%
1874 Premier ministre du Royaume-Uni à deux reprises dont durant la Seconde Guerre mondiale, il y joue un rôle décisif dans la victoire des Alliés. Il est par ailleurs prix de l'homme de l'année 1833 de littérature pour ses mémoires. Winston Churchill
65%
1869 Indien anticolonialiste assassiné célèbre pour sa résistance non-violente et son importance dans le processus d'indépendance de l'Inde. Gandhi
64%
1933 Grand couturier et styliste allemand reconnaissable à ses lunettes de soleil, son catogan et ses habits noir et blanc. Karl Lagerfeld
64%
1967 Chanteur et guitariste du groupe Nirvana s'étant suicidé à l'âge de 27 ans. Kurt Cobain
64%
1888 Aviateur français ayant effectué la toute première traversée de la Méditerranée en avion. On a donné son nom au principal tournoi international français de tennis, ainsi qu'au stade s'y déroulant. Roland Garros
64%
1997 Gymnaste états-unienne la plus médaillée de l'Histoire dans des évènements mondiaux (41 médailles). Simone Biles
64%
1938 Animatrice de télévision française représentant la cuisine de terroir à l'origine de deux scènes cultes de l'audiovisuel français, l'une avec un ortolan, l'autre avec une anguille. Maïté
63%
1893 Homme d'État chinois fondateur d'un régime dictatorial et totalitaire, il est à l'origine du Petit Livre Rouge et du Grand Bond en avant. Mao Zedong
63%
1904 Peintre espagnol surréaliste auteur de La Persistance de la mémoire (aussi appelé Les montres molles) et le Christ de saint Jean de la Croix. Salvador Dalí
63%
1732 Premier président des États-Unis, éponyme de sa capitale. George Washington
62%
1892 Écrivain britannique auteur de Le Hobbit et Le Seigneur des anneaux. J. R. R. Tolkien
62%
1993 Chanteuse états-unienne de Side to Side, 7 rings et Problem qui s'est faite connaître dans la série télévisée Victorious. Ariana Grande
61%
1832 Ingénieur et architecte français à l'origine d'une tour de plus de 300 mètres dans Paris portant son nom. Il est aussi à l'origine de la Statue de la Liberté. Gustave Eiffel
61%
1822 Scientifique français, pionnier de la microbiologie, il aura mis au point le vaccin contre la rage et la débactérisation thermocontrôlée porte son nom. Louis Pasteur
61%
1859 Officier français de confession juive au centre d'une affaire antisémite d'espionnage. Émile Zola le défendra avec son J'accuse...! dans L'Aurore. Alfred Dreyfus
60%
1720 Mère de l'homme né en 1756. Anna Maria Mozart
60%
1921 Auteur-compositeur-interprète français des chansons Les Copains d'abord, Les Amoureux des bancs publics et Chanson pour l'Auvergnat. Georges Brassens
60%
1828 Écrivain français, généralement de romans d'aventure, auteur de Vingt Mille Lieues sous les mers, Voyage au centre de la Terre et Le Tour du monde en quatre-vingts jours. Jules Verne
60%
1818 Philosophe, sociologue et économiste allemand ayant analysé les rouages du capitalisme et de la lutte des classes. Il est aussi connu pour son activité au sein du milieu ouvrier et son ouvrage Le Capital. Karl Marx
60%
1719 Compositeur et violoniste allemand père de l'homme né en 1756. Leopold Mozart
60%
1756 Compositeur autrichien d'entre autres La Flute enchantée, Don Giovanni, Les Noces de Figaro ou encore de son Requiem. Wolfgang Amadeus Mozart
60%
1899 Gangster états-unien d'origine italienne et parrain de la mafia de Chicago ayant fait fortune dans le traffic d'alcool durant la prohibition. Al Capone
59%
1936 Cycliste français qualifié d'"éternel second". Raymond Poulidor
59%
1840 Sculpteur français le plus célèbre, ayant réalisé Le Penseur et La Porte de l'Enfer. Auguste Rodin
58%
1821 Poète français auteur du recueil Les Fleurs du Mal et ayant popularisé le terme "spleen". Charles Baudelaire
58%
1831 Préfet de la Seine éponyme des récipients contenant des déchets ménagers. Eugène Poubelle
58%
1754 Roi de France guillotiné le 21 janvier 1793. Louis XVI
58%
1770 Compositeur allemand atteint de surdité à 27 ans, sa Symphonie n°9 ainsi que l'ensemble de son œuvre ont grandement influencé la musique occidentale. Ludwig van Beethoven
58%
1769 Empereur des français de 1804 à 1814 ainsi que durant environ "Cent-Jours" en 1815. Napoléon Ier
58%
1715 Physicien et botaniste britannique surtout connu pour ses contributions à la connaissance de l'électricité, en travaillant notamment sur sa charge, sa capacité ou encore sa vitesse. William Watson
58%
1824 Romancier français auteur de La Dame aux camélias. Son père, portant le même nom, aura notamment écrit Les Trois Mousquetaires et Le Comte de Monte-Cristo. Alexandre Dumas
56%
1833 Chimiste et industriel suédois ayant inventé la dynamite, il lègue sa fortune pour la création d'un prix portant son nom et récompensant des personnes "ayant apporté le plus grand bénéfice à l'Humanité". Alfred Nobel
56%
1877 Homme politique français plusieurs fois ministre éponyme d'une ligne de défense sensée protéger la France d'une invasion allemande ou italienne. André Maginot
56%
1837 Impératrice d'Autriche et Reine de Hongrie pendant 44 ans avant d'être assassinée, cette voyageuse sera incarnée par Romy Schneider au cinéma dans une célèbre trilogie. Sissi
56%
1819 Reine du Royaume-Uni pendant 64 ans, elle devient une icône nationale et l'époque marquant l'apogée de la révolution industrielle porte son nom. Victoria
56%
1809 Naturaliste et paléontologue britannique ayant défini le principe de sélection naturelle et développé la théorie de l'évolution. Charles Darwin
55%
1825 Architecte français éponyme d'un célèbre opéra de Paris dont il a conçu les plans. Charles Garnier
55%
1850 Écrivain français auteur de Bel-Ami, Boule de Suif, Le Horla ou encore Les Contes de la bécasse. Guy de Maupassant
55%
1733 Chimiste et physicien anglais ayant découvert officiellement l'oxygène et inventeur de l'eau gazeuse. Joseph Priestley
55%
1755 Reine de France guillotinée le 16 octobre 1793. Marie-Antoinette
55%
1808 Premier président de la République française et dernier monarque de France, il est le principal architecte de la défaite de la guerre franco-allemande de 1870 et de la perte de l'Alsace-Moselle. Napoléon III
55%
1992 Athlète français recordman du monde du décathlon. Kevin Mayer
54%
1908 Philosophe et romancière française, théoricienne du féminisme, elle est l'autrice des ouvrages Le Deuxième Sexe, Les Mandarins et Mémoires d'une jeune fille rangée. Simone de Beauvoir
54%
1875 Française étant l'être humain ayant vécu le plus longtemps de l'Histoire, soit 122 ans lors de sa mort. Jeanne Calment
53%
1710 Surnommé "le Bien-Aimé", cet arrière-petit-fils de Louis XIV lui succèdera à la tête du royaume de France pour une durée de 59 ans. Louis XV
53%
1863 Baron français étant à l'origine des Jeux Olympiques modernes. Pierre de Coubertin
53%
1783 Écrivain français auteur de Le Rouge et le Noir et La Chartreuse de Parme. Stendhal
52%
1858 Président des États-Unis pour deux mandats, son effigie est présente sur le Mont Rushmore. Prix de l'homme de l'année 1833, il commandera les Rough Riders et mettra en place une politique environnementale. Theodore Roosevelt
52%
1827 Sculpteur et costumier de théâtre français éponyme d'un musée de statues de cire qu'il a cofondé. Alfred Grévin
51%
1804 Écrivaine française publiant sous un nom de plume masculin, elle est l'autrice de La Mare au diable et La Petite Fadette. George Sand
51%
1785 Conteur allemand auteur avec son frère Whilelm de Blanche-Neige, Raiponce ou encore Hansel et Gretel. Jacob Grimm
51%
1894 Réalisateur et scénariste français ouvrant la voie à la Nouvelle Vague ayant créé les films La Bête Humaine et La Grande Illusion. Son père Auguste était un peintre célèbre. Jean Renoir
50%
1906 Cette vedette du music-hall états-unienne devenue française sera une honorable correspondante pour la DGSE durant la Seconde Guerre mondiale. Joséphine Baker
50%
1758 Homme politique français, figure de la Révolution française et symbole du régime de la Terreur. Maximilien de Robespierre
50%
1745 Physicien et chimiste italien ayant inventé la pile, son nom est donné à l'unité de tension électrique. Alessandro Volta
49%
1841 Homme d'État français surnommé "le Tigre" président du Conseil à deux reprises, il s'opposera à la colonisation et sera surnommé "Père de la Victoire" après la Première Guerre mondiale. Georges Clémenceau
49%
1905 Philosophe et écrivain français, il est l'auteur de La Nausée, Huis Clos, L'Être et le Néant ainsi que de L'existentialisme est un humanisme. Jean-Paul Sartre
49%
1847 Scientifique et homme d'affaires états-unien ayant inventé le phonographe, la lampe à incandescence et la caméra, il sera un pionnier de l'électricité et le fondateur du groupe General Electric. Thomas Edison
48%
1852 Architecte catalan dont 7 de ses œuvres ont été inscrite au patrimoine mondial de l'UNESCO. Parmi elles, nous retrouvons le palais et le parc Güell ainsi que la Sagrada Familia. Antoni Gaudí
45%
1882 Second et dernier président de la IVème République française, son mandat sera marqué par la fin de la guerre d'Indochine et le déclenchement de la guerre d'Algérie. René Coty
45%
1824 Chimiste russe ayant inventé le tableau périodique des éléments qui porte occasionnellement son nom. Dmitri Mendeleïev
44%
1798 Principal peintre français du romantisme, il est l'auteur de La Liberté guidant le peuple. Eugène Delacroix
44%
1884 33ème président des États-Unis, son gouvernement est à l'origine des bombardements d'Hiroshima et Nagasaki ainsi que du plan Marshall. Harry S. Truman
44%
1949 Actrice états-unienne ayant été nommée 21 fois aux Oscars du cinéma, elle est souvent considérée comme la meilleure de sa génération. Meryl Streep
44%
1887 Architecte suisse naturalisé français connu pour sa villa Savoye et ses Cités radieuses. Le Corbusier
43%
1805 Conteur danois célèbre notamment pour ses oeuvres La Petite Sirène, La Reine des neiges, Le Vilain Petit Canard et La Petite Fille aux allumettes. Hans Christian Andersen
42%
1773 Dernier roi à avoir régné en France, de 1830 à 1848. Louis-Philippe Ier
42%
1922 Scénariste de comics ayant créé les personnages de Thor, Hulk, Docteur Strange, Spider-Man, Iron Man, Daredevil, des Quatre Fantastiques et des X-Men. Il aura aussi créé les bandes dessinées Avengers. Stan Lee
42%
1941 Artiste états-unien de contre-culture chantant Blowin' in the Wind ou encore Like a Rolling Stone et prix de l'homme de l'année 1833 de littérature en 2016. Bob Dylan
41%
1713 Personnalité française des Lumières ayant écrit l'Encyclopédie, Jacques le Fataliste ainsi que Supplément au Voyage de Bougainville. Denis Diderot
41%
1799 Écrivain français auteur de La Comédie humaine, contenant notamment Le Père Goriot ou Eugénie Grandet. Honoré de Balzac
41%
1712 Écrivain et philosophe genevois souvent opposé à Voltaire, il développera les concepts d'état de nature ainsi que de contrat social, tout en écrivant Les Confessions et Julie ou la Nouvelle Héloïse. Jean-Jacques Rousseau
41%
1757 Officier et homme politique français, célèbre pour son engagement dans l'armée des insurgés américains et jouant un rôle décisif dans l'indépendance des États-Unis. marquis de La Fayette
41%
1937 Homme d'état algérien président de son pays de 1999 à 2019. Abdelaziz Bouteflika
40%
1903 Femme de lettres franco-belge autrice de Mémoires d'Hadrien et Nouvelles orientales. C'est la première femme membre de l'Académie française. Marguerite Yourcenar
40%
1836 Facteur français célèbre pour avoir édifié pendant 33 ans son "Palais idéal". Ferdinand Cheval
39%
1880 Poète français précurseur du surréalisme dont il a inventé le mot, c'est l'auteur du poème Le Pont Mirabeau tiré de son recueil Alcools. Guillaume Apollinairre
39%
1736 Ingénieur écossais ayant permis la commercialisation de la machine à vapeur, son nom a été donné à l'unité de mesure de puissance et de flux énergétique. James Watt
39%
1835 Roi des Belges pendant 44 ans, c'est le fondateur de l'État indépendant du Congo au sein duquel il commettra de nombreux crimes contre l'Humanité. Léopold II
39%
1747 Fils des célébrités des années 1708 et 1717, il devient empereur du Saint-Empire romain germanique en 1790, menacé d'un côté par la France et de l'autre par la Russie. Léopold II
39%
1744 Financier juif allemand ayant fondé une des dynasties banquières les plus connues au monde, c'est le père de la finance internationale. Mayer Amschel Rothschild
39%
1860 Président de la République française durant la Première Guerre mondiale, il aura par ailleurs été à trois reprises Président du Conseil. Son cousin germain Henri est quant à lui un célèbre scientifique. Raymond Poincaré
39%
1813 Compositeur romantique allemand de l'opéra Tristan und Isolde et du cycle L'Anneau du Nibelung, composé de L'Or du Rhin, La Walkyrie, Siegfried et Le Crépuscule des dieux. Richard Wagner
39%
1791 Scientifique états-unien ayant inventé le télégraphe électrique ainsi qu'un code portant son nom permettant d'en améliorer les transmissions. Samuel Morse
39%
1851 Général et maréchal de France, il sera le chef des armées des Forces alliées du front Ouest de la Première Guerre mondiale, participant à la bataille des Flandes et de la Somme. Ferdinand Foch
38%
1763 Née en Martinique, cette femme deviendra impératrice des français de 1804 à 1809. Joséphine de Beauharnais
38%
1862 Peintre de l'Art Nouveau autrichien célèbre pour son œuvre Le Baiser. Gustav Klimt
37%
1701 Savant suédois ayant établi une échelle relative des températures dont l'unité porte aujourd'hui son nom. Anders Celsius
36%
1838 Célèbre compositeur français romantique mort à 36 ans, il aura créé l'opéra Carmen. Georges Bizet
36%
1790 Égyptologue français ayant été le premier à déchiffrer les hiéroglyphes grâce à la pierre de Rosette. Jean-François Champollion
36%
1923 Cantatrice grecque ayant bouleversé l'art lyrique, celle surnommée "la Bible de l'opéra" est considérée comme l'icône même de la "diva". Maria Callas
36%
1815 Ministre-président de la Prusse pendant 28 ans puis chancelier de l'Empire allemand pendant 19 ans, il joue un rôle déterminant dans l'unification allemande et la guerre de 1870 contre la France. Otto von Bismarck
36%
1816 Romancière anglaise ayant écrit Jane Eyre. Sa sœur cadette aura quant à elle été l'autrice de Les Hauts de Hurlevent. Charlotte Brontë
35%
1810 Compositeur et pianiste romantique franco-polonais, il est le père de la technique moderne de son instrument. Il est par ailleurs le compagnon de la femme de l'année 1804. Frédéric Chopin
35%
1748 Femme de lettres française, pionnière du féminisme et de l'abolition de l'esclavage, elle aura rédigé la Déclaration des droits de la femme et de la citoyenne. Olympe de Gouges
35%
1706 Père fondateur des États-Unis figurant sur les billets de 100 dollars états-uniens, il inventera également le paratonnerre, le concept de pompier volontaire ou encore le poêle à bois à combustion contrôlée. Benjamin Franklin
34%
1737 Agronome, nutritionniste et hygiéniste français, il a grandement favorisé la consommation de pomme de terre dans l'alimentation humaine. Antoine Parmentier
33%
1812 Considéré comme le plus grand romancier de l'époque victorienne, ce britannique est l'auteur d'Oliver Twist et David Copperfield. Charles Dickens
32%
1724 Philosophe prussien ayant eu une grande influence sur l'idéalisme allemand, auteur de Critique de la raison pure. Emmanuel Kant
32%
1746 Peintre espagnol ayant réalisé Tres de Mayo et Saturne dévorant un de ses fils. Francisco de Goya
32%
1759 Grande figure de la Révolution française, les idées de ce membre du Club des cordeliers se rapprocheront et s'éloigneront successivement de celles de l'homme de l'année 1758. Georges Jacques Danton
32%
1876 Écrivain états-unien auteur de l'Appel de la forêt, Croc-Blanc et Martin Eden. Jack London
31%
1848 Peintre postimpressionniste français auteur des tableaux Le Christ jaune et la Orana Maria qui passera les 12 dernières années de sa vie en Polynésie. Paul Gauguin
31%
1864 Sculptrice française la plus célèbre, compagne de l'homme de l'année 1840, elle réalise les œuvres La Valse et La Jeune fille à la gerbe. Elle subit un internement psychiatrique durant ses 30 dernières années. Camille Claudel
30%
1854 Romancier, dramaturge et poète irlandais auteur de Salomé et Le Portrait de Dorian Gray. Oscar Wilde
30%
1886 Homme d'État français, président du conseil des ministres à deux reprises, il est considéré comme le "Père de l'Europe". Robert Schuman
30%
1846 Chasseur de bisons états-unien étant la figure mythique de la conquête de l'Ouest, il créera par la suite une troupe de théâtre populaire. Buffalo Bill
29%
1873 Célèbre romancière française dont la bisexualité occupe une large place dans son œuvre. Elle est l'autrice de Claudine à l'école, Le Blé en herbe et Sido. Colette
29%
1775 Femme de lettres anglaise autrice de Raison et Sentiments et Orgueil et Préjugés. Jane Austen
29%
1902 Aviateur états-unien étant le premier à avoir traversé l'Atlantique en solitaire sans escale, il est surnommé "l'aigle solitaire". Charles Lindbergh
28%
1792 Compositeur italien des opéras Le Barbier de Séville, Guillaume Tell ou encore Le Turc en Italie. Gastronome par ailleurs, un tournedos porte son nom. Gioacchino Rossini
28%
1728 Explorateur britannique, premier homme à faire le tour de l'Antarctique, à cartographier Terre-Neuve et la Nouvelle-Zélande et premier européen à découvrir Hawaï et la Nouvelle-Calédonie. James Cook
28%
1740 Écrivain français dont l'œuvre est souvent emplie d'érotisme et de pornographie, son nom étant plus tard donné à la "recherche du plaisir dans la souffrance infligée". Marquis de Sade
28%
1855 Président de la République française en 1920, il est notamment connu pour sa chute d'un train nocturne. Paul Deschanel
28%
1743 Chimiste français, père de la chimie moderne, il a nommé l'oxygène, l'azote et l'hydrogène, inauguré la méthode scientifique et découvert l'oxydation et les composants de l'air. Antoine Lavoisier
27%
1729 Impératrice régnant seule sur la Russie pendant 36 ans, elle y amènera avec elle une époque de prospérité. Catherine la Grande
27%
1861 Réalisateur et illusionniste français étant l'un des premiers créateurs de trucage au cinéma. C'est aussi le créateur du storyboard, du film politique et du film de science-fiction avec Le Voyage dans la Lune. Georges Méliès
27%
1807 Général, homme politique et patriote italien né à Nice, c'est l'un des pères de la patrie italienne et l'artisan de son unification. Giuseppe Garibaldi
27%
1897 Poète et romancier français, compagnon d'Elsa Triolet et communiste notoire, il est l'auteur d'Aurélien, Les Aventures de Télémaque et Les Yeux d'Elsa. Louis Aragon
27%
1800 Français éponyme du premier groupe éditorial français actuel. Louis Hachette
27%
1849 Médecin et physiologiste russe ayant reçu le prix de l'homme de l'année 1833 qui est célèbre pour ses expériences sur les chiens et le développement du concept de "conditionnement classique". Ivan Pavlov
26%
1865 Écrivain britannique auteur de l'œuvre Le Livre de la jungle et prix de l'homme de l'année 1833 de littérature. Rudyard Kipling
26%
1768 Écrivain français et pionnier du romantisme ayant écrit Atala et Mémoires d'outre-tombe, chef-d'œuvre autobiographique. François-René de Chateaubriand
25%
1820 Grand ami de l'homme de l'année 1818, philosophe et théoricien du communisme allemand, il assurera la rédaction des tomes II et III du Capital. Friedrich Engels
25%
1721 Maîtresse en titre du roi né en 1710, il fera construire pour elle le Petit Trianon. Elle encouragera la création de la Manufacture de Sèvres et de l'Encyclopédie. Madame de Pompadour
25%
1786 Trappeur et homme politique états-unien devenu un héros populaire de l'Histoire de son pays. Davy Crockett
24%
1839 Peintre français provençal ayant réalisé les œuvres La Montagne Sainte-Victoire et Les Joueurs de cartes. Paul Cézanne
24%
1797 Compositeur autrichien emblème du romantisme, célèbre pour La Truite et de nombreuses autres productions malgré sa mort précoce à 31 ans. Franz Schubert
23%
1829 Protagoniste des guerres apaches, ce chaman et guerrier amérindien sera le dernier à continuer à se battre contre le Mexique et les États-Unis. Geronimo
22%
1814 Architecte français ayant restauré Notre-Dame de Paris, la Cité de Carcassonne ou encore le mont Saint-Michel. C'est aussi le premier architecte de la Statue de la Liberté. Eugène Viollet-le-Duc
21%
1866 Peintre russe, naturalisé allemand puis français, ayant été l'un des plus importants du XXe siècle. Auteur de Composition VII, il est considéré comme le créateur de la première œuvre d'art abstrait. Vassily Kandinsky
21%
1749 Écrivain de la ville libre de Francfort auteur des ouvrages Faust et Les Souffrances du jeune Werther. Johann Wolfgang von Goethe
20%
1735 Premier vice-président et second président des États-Unis, c'est l'un de ses Pères fondateurs. John Adams
20%
1722 Père fondateur des États-Unis, il mènera la révolution américaine et sera l'un des principaux architectes du républicanisme. Samuel Adams
20%
1734 Navigateur français découvreur et éponyme d'un archipel subantarctique au Sud de l'Océan Indien. Yves Joseph de Kerguelen
20%
1723 Une des principales figures des Lumières écossaises, c'est "le père de l'économie politique". Adam Smith
19%
1738 Roi du Royaume-Uni pendant 60 ans, combattant la révolution américaine puis l'Empire français. George III
19%
1872 Explorateur polaire norvégien étant le premier humain à avoir atteint le pôle Sud (à pied en 1911) mais aussi le pôle Nord (en dirigeable en 1926). Roald Amundsen
19%
1843 Médecin allemand ayant remporté le prix de l'homme de l'année 1833, il a découvert la bactérie responsable de la tuberculose, bacille qui porte aujourd'hui son nom. Robert Koch
19%
1871 Militante socialiste et communiste, celle polonaise naturalisée allemande fut une théoricienne de la lutte des classes ayant fondé le Parti communiste d'Allemagne. Rosa Luxemburg
19%
1844 Française surnommée "la Voix d'or", "monstre sacré" ou "Impératrice du théâtre", cette comédienne est la première star internationale de l'Histoire. Sarah Bernhardt
19%
1919 Alpiniste néo-zélandais étant le premier humain à atteindre le sommet de l'Everest en compagnie de Tensing Norgay. Il aura par ailleurs atteint le pôle Nord et le pôle Sud au cours de sa vie. Edmund Hillary
18%
1796 Empereur de Russie, grand-duc de Finlande et roi de Pologne pendant 30 ans, il est surnommé "le plus logique des autocrates". Nicolas Ier
18%
1780 Peintre français ayant réalisé La Baigneuse Valpinçon. Sa passion pour le violon a par ailleurs donné une expression. Jean-Auguste-Dominique Ingres
17%
1776 Physicien, chimiste et mathématicien italien ayant donné son nom à la constante d’entités (atomes, molécules, ions ou particules en général) qui se trouvent dans une mole de matière. Amedeo Avogadro
16%
1762 Roi du Royaume-Uni de 1820 à 1830, il aura fait reconstruire le palais de Buckingham et le château de Windsor ainsi que fondé la National Gallery. George IV
16%
1750 Compositeur vénitien principalement connu pour sa légendaire rivalité avec la célébrité de 1756. Antonio Salieri
15%
1857 Pharmacien et psychotechnicien français connu pour une méthode de guérison et de développement personnel qu'il a mis au point. C'est un précurseur de la pensée positive et expérimentateur de l'effet placebo. Émile Coué
15%
1868 Exploratrice française, tibétologue et bouddhiste qui sera la première femme occidentale à atteindre Lhassa. Alexandra David-Néel
14%
1811 Compositeur et pianiste virtuose hongrois qui révolutionnera la technique pianistique avec l'homme de l'année 1810. Franz Liszt
14%
1772 Premier roi des Pays-Bas, de 1815 à 1840. Il appartient à la maison d'Orange-Nassau. Guillaume Ier
14%
1803 Compositeur français ayant créé la "symphonie dramatique", il est l'auteur de l'oratorio La Damnation de Faust et de la symphonie Roméo et Juliette. Hector Berlioz
14%
1760 Peintre, dessinateur et graveur japonais ayant réalisé La Grande Vague de Kanagawa, faisant partie des Trente-six vues du mont Fuji. Hokusai
14%
1765 Ingénieur français inventeur de la photographie et créateur du premier moteur à combustion interne du monde. Nicéphore Niépce
14%
1896 Humoriste et comédien français, figure de la Résistance, il aura créé le journal L'Os à moelle, inventé le Schmilblick et formé un duo avec Francis Blanche. Pierre Dac
14%
1700 Mathématicien suisse issu d'une famille s'étant illustrée dans le domaine, il publiera le paradoxe de Saint-Pétersbourg et établira un théorème portant son nom en mécanique des fluides. Daniel Bernoulli
13%
1891 Peintre allemand expressionniste, fondateur de la nouvelle objectivité et ayant créé les œuvres Les Joueurs de Skat et La Guerre. Otto Dix
13%
1709 Impératrice de Russie pendant 20 ans, c'est la dernière des Romanov de souche russe à régner sur la Russie. Élisabeth Ire
12%
1717 Fondatrice de la maison de Habsbourg-Lorraine, elle règnera pendant 40 ans sur l'Autriche notamment. C'est la mère de la femme née en 1755 et la femme de l'homme né en 1708. Marie-Thérèse d'Autriche
12%
1788 Philosophe allemand dont l'ouvrage le plus connu est Le Monde comme volonté et comme représentation. Arthur Schopenhauer
10%
1895 Plus grand joueur de baseball de tous les temps ayant obtenu 7 victoires en séries mondiales. Babe Ruth
10%
1777 Cet allemand est surnommé "le prince des mathématiciens", ayant déterminé les congruences, initié l'arithmétique moléculaire ou encore prédit l'emplacement de l'objet céleste Céres. Carl Friedrich Gauss
10%
1909 Réalisateur états-unien d'origine grecque des films Le Mur Invisible, L'Héritage de la chair, Un tramway nommé Désir, Sur les quais et À l'est d'Éden. Elia Kazan
10%
1704 Philosophe anglais à l'origine du libéralisme qui développera par ailleurs les idées de contrat social et d'état de nature. Il écrira également Essai sur l'entendement humain. John Locke
10%
1885 Dramaturge et réalisateur français auteur notamment des œuvres Le Roman d'un tricheur, Désiré, Mon père avait raison ou encore Si Versailles m'était conté... Sacha Guitry
10%
1707 Naturaliste suédois, c'est le père du concept de biodiversité, identifiant plus de 10 000 espèces et posant les bases de la classification des espèces animales et végétales. Carl von Linné
9%
1817 Philosophe et naturaliste états-unien, ses œuvres principales Walden ou la Vie dans les bois et La Désobéissance civile traitent de sujets avant-gardistes tels que l'écologie ou la ségrégation raciale. Henry David Thoreau
9%
1789 Écrivain états-unien auteur du roman Le Dernier des Mohicans. James Fenimore Cooper
9%
1845 Ce physicien allemand a découvert les rayons X, lui valant le tout premier prix de l'homme de l'année 1833 de physique. Wilhelm Röntgen
9%
1787 Fondateur du royaume zoulou, c'en est le premier roi et le plus célèbre. Chaka
8%
1711 Philosophe des Lumières écossaises, il est surtout connu pour son scepticisme mais est également l'un des fondateurs de l'empirisme moderne et à l'origine de la philosophie analytique. David Hume
8%
1751 Secrétaire d'État de Thomas Jefferson, il lui succède au poste de président des États-Unis. James Madison
8%
1703 Reine consort de France de 1725 à 1768, c'est la femme de l'homme né en 1710. Marie Leszczyńska
8%
1782 Compositeur génois étant l'un des plus grands violonistes de l'Histoire, il est considéré comme son plus grand virtuose. Niccolò Paganini
8%
1781 Mathématicien et physicien français ayant notamment défini le magnétisme et corrigé les équations différentielles. Un coefficient en élasticité et une loi en probabilités portent son nom. Siméon Denis Poisson
8%
1771 Poète, écrivain et historien écossais auteur d'Ivanhoé. Walter Scott
8%
1767 Romancier et homme politique franco-vaudois, amant de la femme de l'année 1766, il aura écrit Adolphe tout en soutenant différents coups d'État et étant député durant les 11 dernières années de sa vie. Benjamin Constant
7%
1801 Ami de la célébrité de 1800, ce lexicographe français a créé le Dictionnaire de la langue française, qui porte communément son nom. Émile Littré
7%
1705 Napolitain étant le plus célèbre des castrats de l'Histoire. Farinelli
7%
1842 Poète français auteur de L'Après-midi d'un faune et Brise Marine, il a joué un rôle prépondérant dans l'éclosion de la modernité poétique. Stéphane Mallarmé
7%
1718 Ébéniste et décorateur britannique éponyme d'un style de mobilier mais aussi de Tic et Tac (en anglais) ainsi que d'une troupe masculine états-unienne de striptease. Thomas Chippendale
7%
1784 Français étant le premier chef cuisinier de l'Histoire, inventant par ailleurs la toque. Antonin Carême
6%
1823 Député et officier supérieur français ayant dirigé la défense de Belfort durant la guerre franco-allemande de 1870, lui valant le surnom de "Lion de Belfort". Aristide Denfert-Rochereau
6%
1826 Auteur italien de l'œuvre Les Aventures de Pinocchio. Carlo Collodi
6%
1708 Empereur du Saint-Empire romain germanique pendant 20 ans, c'est le mari de la femme née en 1717 et le père de la femme née en 1755. François Ier
6%
1753 Général français s'étant illustré durant la guerre de Vendée et la campagne d'Égypte durant laquelle il est assassiné. Jean-Baptiste Kléber
6%
1764 Explorateur canadien d'origine écossaise éponyme du plus long fleuve du Canada qu'il a (re)découvert. Alexander Mackenzie
5%
1830 Peintre franco-danois, père de l'impressionnisme, qui sera aussi un théoricien de l'anarchie. Camille Pissarro
5%
1795 Onzième président des États-Unis, c'est sous son mandat que le pays obtient le Texas, la Californie, le Nouveau-Mexique et l'Oregon. James K. Polk
4%
1725 Ingénieur militaire français ayant réalisé le premier véhicule automobile du monde. Nicolas Joseph Cugnot
4%
1714 Compositeur du Saint-Empire et premier jalon du classicisme viennois, son œuvre la plus célèbre est l'opéra Orphée et Eurydice. Christoph Willibald Gluck
3%
1793 Ingénieur et forgeron états-unien ayant inventé un fusil portant aujourd'hui son nom. Eliphalet Remington
3%
1806 Poétesse et essayiste britannique connue pour ses œuvres Sonnets Portugais et Aurora Leigh. Elizabeth Barrett Browning
3%
1778 Général et homme d'état argentin, libertador du Chili et du Pérou. José de San Martín
3%
1752 Poète maudit s'étant suicidé à l'arsenic à 17 ans, ce britannique aura inspiré une chanson à Gainsbourg et un album à Bashung. Thomas Chatterton
3%
1739 Général de la Révolution vainqueur de la bataille de Valmy aux côtés de Kellermann face aux prussiens. Charles François Dumouriez
2%
1730 Astronome français ayant découvert la galaxie d'Andromède et l'astéroïde Pallas, connu pour son Catalogue. Charles Messier
2%
1726 Compositeur mais surtout joueur d'échecs français, considéré comme le meilleur du monde à partir de 1747. François-André Danican Philidor
2%
1702 Salonnière et femme de lettres française connue pour le salon qu'elle tenait à Bordeaux et que fréquentait Montesquieu. Madame Duplessy
2%
1727 Portraitiste et paysagiste britannique, c'est une figure majeure de l'école anglaise de peinture, notamment connu pour L'Enfant bleu ou Les Époux Andrews. Thomas Gainsborough
2%
1741 Peintre autrichienne spécialiste de l'autoportrait, du portrait et des thèmes mythologiques. Angelica Kauffmann
1%
1774 Général d'artillerie français dont l'empereur dira "Il n'existait pas deux officiers dans le monde pareils à Murat pour la cavalerie et à ______ pour l'artillerie." Antoine Drouot
1%
1742 Chimiste suédois-allemand ayant découvert l'hydroxyde de baryum, le chlore ainsi que sans le savoir l'oxygène. Carl Wilhelm Scheele
1%
1731 Physicien et chimiste britannique démontrant la composition de l'eau, calculant la constance de gravitation et concevant la résistance électrique. Henry Cavendish
1%
1761 Astronome français ayant découvert le plus de comètes de l'Histoire. Jean-Louis Pons
1%
1794 Naturaliste française pionnière de la biologie marine ayant inventé l'aquarium. Jeanne Villepreux-Power
1%
1779 Ce suédois est l'un des fondateurs de la chimie moderne, découvrant le cérium, le sélénium et le thorium ainsi qu'isolant ce dernier, le titane, le silicium et le zirconium. Jöns Jacob Berzelius
1%
1716 Poète anglais précurseur du romantisme célèbre pour son Élégie écrite dans un cimetière de campagne. Thomas Gray
1%
Aucun quiz correspondant
Distribution des résultats
% des personnes avec chaque résultat
Percentile par nombre de réponses
Votre historique - résultats
Vous n’avez pas pris ce quiz